| 000 | 01174nam a22002897a 4500 | ||
|---|---|---|---|
| 999 |
_c64075 _d64075 |
||
| 005 | 20240530110713.0 | ||
| 008 | 180213s2015 ua g 000 0 ara d | ||
| 017 |
_a2015/13649 _bمصر. دار الكتب |
||
| 020 | _a9789773223632 | ||
| 040 |
_aEG-CaGPL _cEG-CaGPL |
||
| 082 | 0 | 4 |
_221 _a305.42 / _bإ م |
| 100 | 0 | _aاسماعيل مظهر | |
| 245 | 1 | 0 |
_aالمرأة فى عصر الديمقراطية / _cتاليف اسماعيل مظهر ؛ تحرير وتقديم احمد الهوارى |
| 250 | _aط. 1 | ||
| 260 |
_aالقاهرة : _bعين للدراسات و البحوث الانسانية و الاجتماعية، _c2015. |
||
| 300 |
_a138 ص. ؛ _c24 سم. |
||
| 490 | 0 | _aمن ذاكرة النهضة. | |
| 650 | 0 | 7 |
_2qrmak _aحقوق المرأة |
| 650 | 0 | 7 |
_2qrmak _aالمرأة _xرعاية اجتماعية |
| 650 | 0 | 7 |
_2qrmak _aالمرأة فى الحياة العامة |
| 650 | 0 | 7 |
_2qrmak _aالمرأة _xعادات وتقاليد |
| 650 | 0 | 7 |
_2qrmak _aالمرأة فى السياسة |
| 651 | _2qrmak | ||
| 700 | 0 |
_aاحمد الهوارى _eمحرر ومقدم |
|
| 942 |
_2ddc _cBK |
||